03172cam a2200337 i 4500003000900000005001700009008004100026024001900067024001900086040004400105082001800149090001800167100005400185245015500239250003300394264009300427300002800520336003600548337003500584338002900619520075300648650003801401650003601439700005901475856056601534856055102100942001702651949003802668952011302706999001502819SA-RiAUC20250613150453.0250613s1998 le g 00000 ara c0 a000000009611140 a00000000987129 aSA-RiAUCbaracSA-RiAUCdAE-DuMBRLerda04a232qSA-RiAUC a232bش ا ي1 aالشايجي، عبد الرزاقeمؤلف.10aمناهج المحدثين في رواية الحديث بالمعنى /cعبد الرزاق خليفة الشايجي، السيد محمد نوح. aالطبعة الأولى. 1aبيروت :bدار ابن حزم للطباعة والنشر والتوزيع،c1998. a93 صفحة ؛c24 سم aنصbtxt2rdacontent3كتاب aبدون وسيطbn2rdamedia aمجلدbnc2rdacarrier aيتناول كتاب (مناهج المحدثين في رواية الحديث بالمعنى) والذي قام بتأليفه د. عبد الرازق بن خليفة الشايجي، موضوع (الحديث) هذا الكتاب يوضح لنا مؤلفه أن رواية الحديث بالمعنى وضعت له شروط غاية في الدقة والضبط، ذلك من أجل صيانة الحديث النبوي من التحريف والتبديل، ودحضا لشبهة الغزو الفكري في رد الحديث لأنه مروي بالمعنى، هذه الدراسة تناولت بيان مذهب المجوزين لروايته بالمعنى مع الضوابط والأدلة، وكذلك بيان المانع.  7aالحديثxإسناد2aucsh 7aالحديثxرواية2aucsh1 aنوح، السيد محمد،d1945-2007eمؤلف. uhttp://saaid.net/book/open.php?cat=91&book=6746yExternal Link2 نرجو الانتباه لإمكانية وجود اختلاف في الطبعة أو الناشر بين البيانات على البوابة وما ستجده على الكتاب نظرا لمحدودية المعلومات المتاحة على الموقع الناشر للمادة.3Please note that there may be a difference in the edition or publisher between the data on the portal and the book due to the limited information available on the publisher website for the material. uhttp://saaid.net/book/13/5374.raryDigital Copy2 نرجو الانتباه لإمكانية وجود اختلاف في الطبعة أو الناشر بين البيانات على البوابة وما ستجده على الكتاب نظرا لمحدودية المعلومات المتاحة على الموقع الناشر للمادة.3Please note that there may be a difference in the edition or publisher between the data on the portal and the book due to the limited information available on the publisher website for the material. 2ddccBOOKn0 aSA-JeALMd250613umohamedma123n1 00102ddc4070aWAHABbWAHABd2025-06-13l0o232 ش ا يp000014752r2025-06-13 15:06:10w2025-06-13yBOOK c8903d8903